Los registros contables legales (Registro nro. 1840)

Detalles MARC
000 -LEADER
fixed length control field 00984 a2200193 4500
001 - CONTROL NUMBER
control field 29296
005 - DATE AND TIME OF LATEST TRANSACTION
control field 20260407155602.0
008 - FIXED-LENGTH DATA ELEMENTS--GENERAL INFORMATION
fixed length control field 260407a1983 arg spa d
003 - CONTROL NUMBER IDENTIFIER
control field AR-UNSa-BCEJYS
040 ## - CATALOGING SOURCE
Original cataloging agency AR-UNSa-BCEJYS
Language of cataloging spa
Transcribing agency AR-UNSa-BCEJYS
080 ## - UNIVERSAL DECIMAL CLASSIFICATION NUMBER
Universal Decimal Classification number 657-051
Common auxiliary subdivision Profesional en Ciencias Económicas (Contador...)
100 1# - MAIN ENTRY--PERSONAL NAME
Personal name Schiavo, Jorge Nicolás
245 10 - TITLE STATEMENT
Title Los registros contables legales
264 #1 - PRODUCTION, PUBLICATION, DISTRIBUTION, MANUFACTURE, AND COPYRIGHT NOTICE
Place of production, publication, distribution, manufacture Buenos Aires :
Name of producer, publisher, distributor, manufacturer Ediciones Nueva Técnica
Date of production, publication, distribution, manufacture, or copyright notice 1983
300 ## - PHYSICAL DESCRIPTION
Extent 211 p.
Dimensions 26 cm.
505 ## - FORMATTED CONTENTS NOTE
Formatted contents note 1. Introducción - 2. La actuación del contador público en relación con los registros contables - 3. El régimen del código de comercio - 4. El régimen de la ley de sociedades comerciales - 5. Las normas de la inspección general de justicia - 6. Las normas de la dirección impositiva sobre facturación y registro de operaciones - 7. Necesidades de un nuevo régimen, reflexiones críticas - Apéndice.<br/>
590 ## - LOCAL NOTE (RLIN)
Local note niveau_biblio:m niveau_hierar:0
942 ## - ADDED ENTRY ELEMENTS (KOHA)
Koha item type
Existencias
Withdrawn status Lost status Damaged status Not for loan Home library Current library Shelving location Date acquired Total checkouts Full call number Barcode Date last seen Price effective from Koha item type
        Biblioteca Prof. Eusebio Cleto del Rey Biblioteca Prof. Eusebio Cleto del Rey   07/04/2026   657-051 S329 L45249 07/04/2026 07/04/2026 Libro
        Biblioteca Prof. Eusebio Cleto del Rey Biblioteca Prof. Eusebio Cleto del Rey   07/04/2026   657-051 S329 L45250 07/04/2026 07/04/2026 Libro